| 000 | 00707nam a2200193 u 4500 | ||
|---|---|---|---|
| 001 | 000044859 | ||
| 005 | 20240316073920.0 | ||
| 008 | 100813s2015 dr 000 0 spa d | ||
| 020 | _a9789945468564 | ||
| 040 |
_aDO-SdBNP _bspa _cBNPHU |
||
| 082 |
_axxx _bxxx |
||
| 100 | 1 |
_aAcevedo Martínez, Ramón Piña _d1922 - _972873 |
|
| 245 | 1 | 0 |
_aPensamiento y dinámica de la interpretación jurídica / _cRamón Pina Acevedo M. ; editor Andrés Blanco Díaz. |
| 260 |
_aSanto Domingo : _bEditora Alfa y Omega, _c2015. |
||
| 300 |
_a2 v. ; _c27 cm. |
||
| 500 | _aIncluye datos biográficos del autor en la contracubierta | ||
| 500 | _aLa biblioteca posee el v. 1-2 | ||
| 700 | 1 | 2 |
_aBlanco Díaz, Andrés _eeditor _9172 |
| 999 |
_c44348 _d44348 |
||